[Event "FIRST SATURDAY IM  JUNE 2013"]
[Site "Budapest"]
[Date "2013.06.01"]
[Round "1.1"]
[White "Farago, Sandor"]
[Black "Szeberenyi, Adam"]
[Result "1/2-1/2"]
[WhiteElo "2277"]
[BlackElo "2309"]
[PlyCount "31"]
[EventDate "2013.06.01"]

1. e4 c5 2. Nf3 d6 3. d4 cxd4 4. Bb5+ Bd7 5. Bxd7+ Qxd7 6. Nxd4 Nf6 7. Nc3 Nc6
8. O-O e6 9. Be3 Be7 10. Qe2 O-O 11. Rad1 a6 12. f4 Qc7 13. Kh1 b5 14. a3 Na5
15. Bc1 Nc4 16. Rd3 1/2-1/2

[Event "FIRST SATURDAY IM  JUNE 2013"]
[Site "Budapest"]
[Date "2013.06.01"]
[Round "1.2"]
[White "Lyell, Mark"]
[Black "Sisatto, Olli"]
[Result "1/2-1/2"]
[WhiteElo "2238"]
[BlackElo "2274"]
[PlyCount "235"]
[EventDate "2013.06.01"]

1. e4 e5 2. Nf3 Nf6 3. Nxe5 d6 4. Nf3 Nxe4 5. Nc3 Nf6 6. d4 Be7 7. Bd3 Bg4 8.
Ne2 Bxf3 9. gxf3 d5 10. Rg1 g6 11. c3 c6 12. Qb3 Qb6 13. Qc2 Nbd7 14. Bh6 O-O-O
15. a4 c5 16. a5 Qe6 17. Qa4 c4 18. Bc2 a6 19. b4 cxb3 20. Qxb3 Nb8 21. Rb1 Rd7
22. Kd2 Nc6 23. Qa2 Bd8 24. Nf4 Qd6 25. Ba4 Re8 26. Nd3 Rde7 27. Bxc6 Re2+ 28.
Kd1 Rxa2 29. Bxb7+ Kd7 30. Nc5+ Qxc5 31. dxc5 Re6 32. c6+ Ke7 33. Bf4 Ne8 34.
Bxa6 Rxc6 35. Re1+ Re6 36. Rb7+ Kf6 37. Rxe6+ fxe6 38. Bb5 e5 39. Bxe8 exf4 40.
Rxh7 Bxa5 41. Ra7 d4 42. cxd4 Rd2+ 43. Kc1 Bb4 44. Rf7+ Kg5 45. h4+ Kxh4 46.
Rxf4+ Kh3 47. d5 Ba5 48. Bc6 Rxf2 49. Rf6 Bd8 50. Rf8 Bg5+ 51. Kb1 Rd2 52. Rg8
Bf4 53. Rxg6 Rd3 54. Kc2 Rxf3 55. d6 Rg3 56. Rf6 Bg5 57. Re6 Re3 58. Rg6 Bd8
59. d7 Ba5 60. Rd6 Rc3+ 61. Kb2 Rc5 62. Kb3 Kg3 63. Bd5 Bd8 64. Kb4 Rc7 65. Kb5
Be7 66. d8=Q Bxd8 67. Rxd8 Kf4 68. Bc6 Ke3 69. Kc5 Kf4 70. Re8 Ra7 71. Bd5 Ra4
72. Bc4 Ra5+ 73. Kd4 Ra4 74. Rf8+ Kg5 75. Rf1 Kg4 76. Kd5 Kg5 77. Bb3 Ra3 78.
Rf3 Kg4 79. Ke4 Kg5 80. Rf5+ Kg6 81. Bf7+ Kg7 82. Bd5 Kg6 83. Ke5 Ra5 84. Rf8
Kg5 85. Rg8+ Kh4 86. Ke4 Ra4+ 87. Kf3 Kh5 88. Be4 Kh6 89. Kf4 Ra6 90. Rg1 Rb6
91. Bf5 Ra6 92. Ke5 Kh5 93. Be6 Ra5+ 94. Kf6 Kh4 95. Rg4+ Kh5 96. Rb4 Kh6 97.
Rb1 Rc5 98. Rb8 Rc7 99. Rb5 Rc6 100. Rb8 Rc7 101. Rh8+ Rh7 102. Rg8 Ra7 103.
Rg6+ Kh5 104. Rg2 Ra4 105. Rg3 Rh4 106. Bf7+ Kh6 107. Be6 Kh5 108. Bf5 Ra4 109.
Rh3+ Rh4 110. Ra3 Rb4 111. Ra7 Kh4 112. Rg7 Rb6+ 113. Ke5 Rb4 114. Be4 Kh3 115.
Kf4 Kh2 116. Rg2+ Kh3 117. Rg1 Rb2 118. Rg8 1/2-1/2

[Event "FIRST SATURDAY IM  JUNE 2013"]
[Site "Budapest"]
[Date "2013.06.01"]
[Round "1.3"]
[White "Sean, Winshand Cuhendi"]
[Black "Li, Bo"]
[Result "1/2-1/2"]
[WhiteElo "2186"]
[BlackElo "2307"]
[PlyCount "110"]
[EventDate "2013.06.01"]

1. d4 Nf6 2. Bf4 g6 3. Nc3 d5 4. Qd2 Bg7 5. Bh6 O-O 6. h4 c5 7. Bxg7 Kxg7 8. e3
Nc6 9. h5 Bf5 10. hxg6 Bxg6 11. Bd3 Rh8 12. Nge2 c4 13. Bxg6 hxg6 14. O-O-O a6
15. Ng3 Qa5 16. e4 Nxe4 17. Ngxe4 dxe4 18. d5 Ne5 19. Qd4 f6 20. Qxe4 Qc5 21.
Rxh8 Rxh8 22. d6 Qc6 23. f4 Qxe4 24. Nxe4 Nc6 25. dxe7 Re8 26. Rd7 Rxe7 27.
Rxe7+ Nxe7 28. Nc5 b6 29. Nxa6 Nd5 30. g3 Kh6 31. Kd2 Kh5 32. Ke2 Kg4 33. Kf2
f5 34. Nb8 Nf6 35. Nc6 Ne4+ 36. Kg2 Nxg3 37. Ne5+ Kxf4 38. Nxg6+ Kg5 39. Ne5 f4
40. Kf3 c3 41. bxc3 Kf5 42. Nc4 Ne4 43. Nxb6 Ng5+ 44. Kg2 Kg4 45. Nd7 f3+ 46.
Kf1 Ne4 47. Ne5+ Kf4 48. Nxf3 Kxf3 49. a4 Nxc3 50. a5 Ke3 51. a6 Nb5 52. c4 Na7
53. c5 Kd4 54. c6 Nxc6 55. a7 Nxa7 1/2-1/2

[Event "FIRST SATURDAY IM  JUNE 2013"]
[Site "Budapest"]
[Date "2013.06.01"]
[Round "1.4"]
[White "Torma, Robert"]
[Black "To, Nhat Minh"]
[Result "1-0"]
[WhiteElo "2392"]
[BlackElo "2302"]
[PlyCount "105"]
[EventDate "2013.06.01"]

1. e4 d5 2. exd5 Qxd5 3. Nf3 Bg4 4. Be2 Nc6 5. h3 Bh5 6. d4 O-O-O 7. c4 Qa5+ 8.
Bd2 Qa6 9. g4 Bg6 10. d5 Nb8 11. c5 Bd3 12. Nc3 f6 13. Be3 Bxe2 14. Qxe2 e6 15.
dxe6 h5 16. g5 Qxe6 17. Nd4 Qe5 18. f4 Qe8 19. b4 fxg5 20. fxg5 Qe5 21. O-O-O
Ne7 22. Kb2 Nbc6 23. Nf3 Qe6 24. Rxd8+ Kxd8 25. Rd1+ Ke8 26. Nb5 Qe4 27. Nxc7+
Kf7 28. g6+ Kg8 29. Rd4 Qxg6 30. Qc4+ Qf7 31. Qxf7+ Kxf7 32. Rf4+ Kg6 33. Nh4+
Kh7 34. Ne6 Nd5 35. Nxf8+ Kg8 36. Nfg6 Nxf4 37. Bxf4 Rh7 38. Kc3 Kf7 39. b5 Ne7
40. Nxe7 Kxe7 41. Kc4 Kf6 42. Nf3 Kf5 43. Bg5 Ke4 44. c6 bxc6 45. bxc6 Rh8 46.
Nd4 Rc8 47. Kc5 Ke5 48. Be7 g6 49. Bd6+ Kf6 50. c7 g5 51. Kc6 g4 52. hxg4 hxg4
53. Kd7 1-0

[Event "FIRST SATURDAY IM  JUNE 2013"]
[Site "Budapest"]
[Date "2013.06.01"]
[Round "1.5"]
[White "Kantor, Gergely"]
[Black "Korpa, Bence"]
[Result "1/2-1/2"]
[WhiteElo "2352"]
[BlackElo "2357"]
[PlyCount "80"]
[EventDate "2013.06.01"]

1. d4 d5 2. c4 c6 3. Nc3 Nf6 4. e3 a6 5. Nf3 b5 6. c5 g6 7. Ne5 Bg7 8. Bd3 O-O
9. f4 a5 10. a3 Nfd7 11. O-O Nxe5 12. fxe5 f6 13. exf6 Bxf6 14. Bd2 e5 15. Ne2
Bg4 16. h3 Bxe2 17. Qxe2 e4 18. Bc2 h5 19. a4 b4 20. Rf4 Nd7 21. Raf1 Qe7 22.
Be1 Bg5 23. Rxf8+ Rxf8 24. Rxf8+ Nxf8 25. Bf2 Qb7 26. Bd1 Ne6 27. h4 Bd8 28. g4
Ng7 29. Bg3 Qd7 30. Kh2 Kh7 31. gxh5 gxh5 32. Qf2 Kg6 33. Qf4 Nf5 34. Be2 Qe6
35. Ba6 Qd7 36. Bf2 Qe7 37. Bc8 Qf6 38. Bxf5+ Qxf5 39. Qxf5+ Kxf5 40. Kh3 Bc7
1/2-1/2

[Event "FIRST SATURDAY IM  JUNE 2013"]
[Site "Budapest"]
[Date "2013.06.02"]
[Round "2.2"]
[White "To, Nhat Minh"]
[Black "Kantor, Gergely"]
[Result "0-1"]
[WhiteElo "2302"]
[BlackElo "2352"]
[PlyCount "58"]
[EventDate "2013.06.01"]

1. e4 c5 2. Nf3 d6 3. d4 cxd4 4. Nxd4 Nf6 5. Nc3 e6 6. g4 h6 7. h4 Nc6 8. Rg1
d5 9. exd5 Nxd5 10. Nxd5 exd5 11. Be3 Be7 12. g5 hxg5 13. hxg5 Rh4 14. Bb5 Bd7
15. Nb3 a6 16. Be2 Bf5 17. c3 Qd7 18. Nd4 Nxd4 19. Bxd4 O-O-O 20. Qd2 Bd6 21.
Bxg7 Bh2 22. Rh1 Re8 23. Bd4 Bf4 24. Rxh4 Bxd2+ 25. Kxd2 Qa4 26. Bd1 Qb5 27. c4
dxc4 28. Rc1 Qb4+ 29. Bc3 Rd8+ 0-1

[Event "FIRST SATURDAY IM  JUNE 2013"]
[Site "Budapest"]
[Date "2013.06.02"]
[Round "2.3"]
[White "Li, Bo"]
[Black "Torma, Robert"]
[Result "1-0"]
[WhiteElo "2307"]
[BlackElo "2392"]
[PlyCount "79"]
[EventDate "2013.06.01"]

1. d4 e6 2. Nf3 f5 3. g3 Nf6 4. Bg2 Be7 5. O-O O-O 6. c4 d6 7. Nc3 Ne4 8. Qc2
Nxc3 9. Qxc3 a5 10. b3 Nc6 11. a3 Bf6 12. Bb2 e5 13. e3 g5 14. Rfd1 Qe8 15. Qc2
e4 16. Nd2 g4 17. Nb1 Ne7 18. Nc3 Bd7 19. Ne2 Ng6 20. Nf4 Nxf4 21. exf4 c6 22.
h3 gxh3 23. Bxh3 Bg7 24. d5 Bxb2 25. Qxb2 c5 26. Re1 b5 27. b4 Qh5 28. Bf1 axb4
29. axb4 cxb4 30. cxb5 Ra3 31. b6 e3 32. Rxa3 bxa3 33. Qxa3 exf2+ 34. Kxf2 Rc8
35. Rc1 Re8 36. Qd3 Qh2+ 37. Bg2 Qh6 38. b7 Qg7 39. Qc3 Qg4 40. Re1 1-0

[Event "FIRST SATURDAY IM  JUNE 2013"]
[Site "Budapest"]
[Date "2013.06.02"]
[Round "2.4"]
[White "Sisatto, Olli"]
[Black "Sean, Winshand Cuhendi"]
[Result "0-1"]
[WhiteElo "2274"]
[BlackElo "2186"]
[PlyCount "136"]
[EventDate "2013.06.01"]

1. Nf3 d5 2. c4 d4 3. b4 c5 4. bxc5 Nc6 5. d3 e5 6. g3 Bxc5 7. Bg2 Nge7 8. O-O
O-O 9. Nbd2 Ng6 10. Nb3 Be7 11. e3 dxe3 12. Bxe3 Bf5 13. d4 Nb4 14. Nxe5 Nxe5
15. dxe5 Bd3 16. Qg4 Bxf1 17. Bh6 Bf6 18. exf6 Qxf6 19. Bg5 Qg6 20. Rxf1 h6 21.
c5 Nc6 22. Qd7 hxg5 23. Qxb7 Rac8 24. Rc1 Rfe8 25. Bxc6 Qxc6 26. Qxc6 Rxc6 27.
Nd4 Rcc8 28. c6 Re5 29. Rc4 Kf8 30. Kg2 Ke7 31. Ra4 a5 32. f4 gxf4 33. gxf4 Rd5
34. Kf3 Kd6 35. Ke4 Re8+ 36. Kd3 Rh8 37. Rc4 Rh3+ 38. Ke4 g6 39. f5 Rh4+ 40.
Ke3 Rh8 41. fxg6 Re8+ 42. Kd3 fxg6 43. c7 Kd7 44. a4 Kc8 45. Kc3 Re3+ 46. Kc2
Re4 47. Kc3 Rh5 48. Rc6 Rh3+ 49. Kc4 Rhh4 50. Rd6 Kxc7 51. Rd5 Rh5 52. Kc5
Rxd5+ 53. Kxd5 Rh4 54. Ne6+ Kb6 55. Nf8 Rxh2 56. Nxg6 Ra2 57. Kc4 Rxa4+ 58. Kc3
Kc5 59. Ne5 Ra3+ 60. Kc2 Rh3 61. Nd3+ Kd4 62. Nb2 Ra3 63. Nd1 a4 64. Nb2 Rc3+
65. Kb1 a3 66. Nd1 Rf3 67. Kc2 a2 68. Kb2 Rf1 0-1

[Event "FIRST SATURDAY IM  JUNE 2013"]
[Site "Budapest"]
[Date "2013.06.02"]
[Round "2.5"]
[White "Farago, Sandor"]
[Black "Lyell, Mark"]
[Result "1-0"]
[WhiteElo "2277"]
[BlackElo "2238"]
[PlyCount "63"]
[EventDate "2013.06.01"]

1. e4 c6 2. d4 d5 3. Nc3 dxe4 4. Nxe4 Nf6 5. Nxf6+ gxf6 6. Nf3 Bg4 7. Be2 Qc7
8. Be3 Nd7 9. Qd3 O-O-O 10. Qa3 a6 11. Qb3 e6 12. h3 Bh5 13. g4 Bg6 14. Nh4 Bd6
15. O-O-O Bf4 16. Nxg6 hxg6 17. h4 f5 18. gxf5 gxf5 19. Kb1 Nf6 20. c4 Rdg8 21.
d5 Bxe3 22. Qxe3 f4 23. Qa7 e5 24. Bf3 Rd8 25. dxc6 e4 26. cxb7+ Qxb7 27. Qc5+
Qc7 28. Qf5+ Kb8 29. Qxf6 exf3 30. Rxd8+ Rxd8 31. h5 Qxc4 32. Qxd8+ 1-0

[Event "FIRST SATURDAY IM  JUNE 2013"]
[Site "Budapest"]
[Date "2013.06.03"]
[Round "3.1"]
[White "Lyell, Mark"]
[Black "Szeberenyi, Adam"]
[Result "1/2-1/2"]
[WhiteElo "2238"]
[BlackElo "2309"]
[PlyCount "101"]
[EventDate "2013.06.01"]

1. e4 g6 2. d4 Bg7 3. Nc3 d6 4. Be3 Nf6 5. f3 O-O 6. Qd2 e5 7. d5 c5 8. dxc6
bxc6 9. Rd1 d5 10. exd5 cxd5 11. Nxd5 Nxd5 12. Qxd5 Qxd5 13. Rxd5 Be6 14. Rd1
Nc6 15. a3 e4 16. b3 Rad8 17. Rxd8 Rxd8 18. Be2 Bc3+ 19. Kf2 Nd4 20. Bd1 Nf5
21. Ne2 Nxe3 22. Nxc3 Nxc2 23. Bxc2 Rd2+ 24. Kg3 Rxc2 25. Nxe4 Bxb3 26. Rb1 Bc4
27. Rb8+ Kg7 28. Rc8 Bd3 29. Rxc2 Bxc2 30. Kf4 f5 31. Nc3 Kf6 32. Nd5+ Ke6 33.
Nb4 Bb1 34. Nc6 a6 35. Nb4 a5 36. Nc6 a4 37. Nb4 h6 38. Ke3 g5 39. g3 Ke5 40.
f4+ gxf4+ 41. gxf4+ Kf6 42. Nd5+ Kg6 43. Kd4 Kh5 44. Ke5 Kg4 45. Ne3+ Kh3 46.
Nxf5 h5 47. Ng7 h4 48. f5 Kxh2 49. Nh5 h3 50. Nf4 Kg3 51. Nxh3 1/2-1/2

[Event "FIRST SATURDAY IM  JUNE 2013"]
[Site "Budapest"]
[Date "2013.06.03"]
[Round "3.2"]
[White "Sean, Winshand Cuhendi"]
[Black "Farago, Sandor"]
[Result "1-0"]
[WhiteElo "2186"]
[BlackElo "2277"]
[PlyCount "65"]
[EventDate "2013.06.01"]

1. d4 c5 2. d5 Nf6 3. Nc3 g6 4. e4 d6 5. f3 Bg7 6. Bg5 a6 7. a4 Qa5 8. Nge2
Nbd7 9. h4 Ne5 10. Nc1 c4 11. Qd2 h6 12. Be3 b5 13. b4 Qxb4 14. axb5 Nxf3+ 15.
gxf3 Nxe4 16. Nxe4 Qxd2+ 17. Nxd2 Bxa1 18. b6 a5 19. Bxc4 a4 20. Bb5+ Bd7 21.
b7 Rb8 22. Bc6 e6 23. Ba7 exd5 24. Bxd5 Be6 25. Bc6+ Bd7 26. Be4 f5 27. Bxb8
fxe4 28. Bxd6 Kf7 29. fxe4 a3 30. Na2 Bd4 31. b8=Q Rxb8 32. Bxb8 Be6 33. Nb3
1-0

[Event "FIRST SATURDAY IM  JUNE 2013"]
[Site "Budapest"]
[Date "2013.06.03"]
[Round "3.3"]
[White "Torma, Robert"]
[Black "Sisatto, Olli"]
[Result "1/2-1/2"]
[WhiteElo "2392"]
[BlackElo "2274"]
[PlyCount "82"]
[EventDate "2013.06.01"]

1. e4 e5 2. Nf3 Nf6 3. d4 Nxe4 4. dxe5 d5 5. Nbd2 Be7 6. Nxe4 dxe4 7. Qxd8+
Bxd8 8. Ng5 Nc6 9. Bb5 Bf5 10. f3 exf3 11. O-O O-O 12. Bxc6 bxc6 13. Rxf3 Bxc2
14. Rc3 Bf5 15. Rxc6 h6 16. Nf3 Be4 17. Rc3 c6 18. Be3 Ba5 19. Ra3 Bb6 20. Kf2
Rfe8 21. Rc1 Rad8 22. Ra6 Bxf3 23. Bxb6 axb6 24. Kxf3 Rxe5 25. Rxb6 Rd3+ 26.
Kf2 Rd2+ 27. Kf3 Ree2 28. Rcxc6 Rxg2 29. Rc8+ Kh7 30. Rcb8 f5 31. a4 Rgf2+ 32.
Kg3 h5 33. Rb4 Rxh2 34. a5 Rdf2 35. a6 Rhg2+ 36. Kh3 Rh2+ 37. Kg3 Rhg2+ 38. Kh3
f4 39. Rxf4 Rh2+ 40. Kg3 Rhg2+ 41. Kh3 Rh2+ 1/2-1/2

[Event "FIRST SATURDAY IM  JUNE 2013"]
[Site "Budapest"]
[Date "2013.06.03"]
[Round "3.4"]
[White "Kantor, Gergely"]
[Black "Li, Bo"]
[Result "1/2-1/2"]
[WhiteElo "2352"]
[BlackElo "2307"]
[PlyCount "125"]
[EventDate "2013.06.01"]

1. d4 Nf6 2. c4 g6 3. Nc3 d5 4. Nf3 Bg7 5. cxd5 Nxd5 6. e4 Nxc3 7. bxc3 c5 8.
Rb1 O-O 9. Be2 Nc6 10. d5 Bxc3+ 11. Bd2 Bxd2+ 12. Qxd2 Nd4 13. Nxd4 cxd4 14.
Qxd4 Qa5+ 15. Qd2 Qxd2+ 16. Kxd2 f5 17. e5 b6 18. Bc4 Kg7 19. Rb3 Bb7 20. Rd3
Rfd8 21. Ke3 Rac8 22. Bb3 Rc5 23. Rhd1 e6 24. dxe6 Rxe5+ 25. Kd2 Rxd3+ 26. Kxd3
Bd5 27. Rc1 Bxb3 28. axb3 Rd5+ 29. Ke3 Kf6 30. Rc7 a5 31. Rxh7 Kxe6 32. Rg7 Kf6
33. Rc7 Rb5 34. Rc3 Rb4 35. f3 b5 36. Kd3 a4 37. bxa4 bxa4 38. Rc6+ Kg5 39. Ra6
Rb3+ 40. Ke2 a3 41. Kf2 f4 42. Ra5+ Kf6 43. h4 Rb2+ 44. Kg1 a2 45. Kh2 Ke6 46.
Kh3 Kd6 47. Kg4 Kc6 48. Kxf4 Kb6 49. Ra8 Rxg2 50. Ke5 Kb5 51. f4 Rc2 52. f5
gxf5 53. h5 Rc5+ 54. Kd4 Rc4+ 55. Kd5 Rc2 56. h6 Rh2 57. h7 Rxh7 58. Rxa2 f4
59. Rb2+ Ka4 60. Rf2 Rf7 61. Ke4 f3 62. Rxf3 Rxf3 63. Kxf3 1/2-1/2

[Event "FIRST SATURDAY IM  JUNE 2013"]
[Site "Budapest"]
[Date "2013.06.03"]
[Round "3.5"]
[White "Korpa, Bence"]
[Black "To, Nhat Minh"]
[Result "0-1"]
[WhiteElo "2357"]
[BlackElo "2302"]
[PlyCount "74"]
[EventDate "2013.06.01"]

1. c4 Nf6 2. g3 c6 3. Bg2 d5 4. Nf3 dxc4 5. O-O Nbd7 6. Qc2 Nb6 7. Na3 Be6 8.
Ng5 Bg4 9. f3 Bh5 10. Nxc4 Qd4+ 11. Ne3 h6 12. Nh3 Nfd5 13. Kh1 Bg6 14. Qb3
Nxe3 15. dxe3 Qd5 16. Qxd5 cxd5 17. Nf4 Bh7 18. a4 a5 19. e4 dxe4 20. fxe4 e5
21. Nd5 Nxd5 22. exd5 Bc5 23. Bd2 b6 24. Rfc1 Kd7 25. Rc4 f5 26. Bc3 Kd6 27. e4
Rae8 28. Re1 Rhf8 29. exf5 Bxf5 30. g4 Bd3 31. Rxc5 bxc5 32. Bxa5 Rf4 33. b3
Rxg4 34. Rc1 Be4 35. Bxe4 Rxe4 36. Bb6 Rc8 37. a5 Rb4 0-1

[Event "FIRST SATURDAY IM  JUNE 2013"]
[Site "Budapest"]
[Date "2013.06.04"]
[Round "4.2"]
[White "Li, Bo"]
[Black "Korpa, Bence"]
[Result "1-0"]
[WhiteElo "2307"]
[BlackElo "2357"]
[PlyCount "69"]
[EventDate "2013.06.01"]

1. d4 d5 2. Nf3 Nf6 3. c4 c6 4. Nc3 a6 5. c5 Nbd7 6. Bf4 Nh5 7. e3 g6 8. Bd3 f6
9. O-O e5 10. dxe5 Nxf4 11. exf4 fxe5 12. Nxe5 Nxe5 13. Re1 Bxc5 14. Rxe5+ Kf7
15. Nxd5 cxd5 16. Rxd5 Qb6 17. Qc2 Be7 18. Re1 Rd8 19. Bc4 Rxd5 20. Bxd5+ Kf8
21. Qe4 Qf6 22. Bb3 Bf5 23. Qd5 Qg7 24. Rxe7 Kxe7 25. Qxb7+ Bd7 26. Qxa8 Qxb2
27. Qxa6 Qc1+ 28. Qf1 Qxf4 29. Qe1+ Kd6 30. Qe3 Qf6 31. h3 Bc6 32. f4 Qa1+ 33.
Kh2 Qb2 34. Qe6+ Kc5 35. Qe5+ 1-0

[Event "FIRST SATURDAY IM  JUNE 2013"]
[Site "Budapest"]
[Date "2013.06.04"]
[Round "4.3"]
[White "Sisatto, Olli"]
[Black "Kantor, Gergely"]
[Result "0-1"]
[WhiteElo "2274"]
[BlackElo "2352"]
[PlyCount "48"]
[EventDate "2013.06.01"]

1. d4 Nf6 2. c4 e6 3. Nc3 Bb4 4. f3 O-O 5. e4 d5 6. cxd5 exd5 7. e5 Nfd7 8. f4
c5 9. Nf3 cxd4 10. Nxd4 Nxe5 11. fxe5 Qh4+ 12. Ke2 Bc5 13. g3 Qxd4 14. Qxd4
Bxd4 15. Nxd5 Bg4+ 16. Kd3 Bf3 17. Nc7 Bxe5 18. Nxa8 Bxh1 19. Bf4 Bxf4 20. gxf4
Na6 21. Ke3 Nb4 22. Bd3 Bc6 23. Nc7 Nxd3 24. Kxd3 Rc8 0-1

[Event "FIRST SATURDAY IM  JUNE 2013"]
[Site "Budapest"]
[Date "2013.06.04"]
[Round "4.4"]
[White "Farago, Sandor"]
[Black "Torma, Robert"]
[Result "1/2-1/2"]
[WhiteElo "2277"]
[BlackElo "2392"]
[PlyCount "133"]
[EventDate "2013.06.01"]

1. e4 e6 2. d4 d5 3. Nc3 Bb4 4. e5 c5 5. a3 Bxc3+ 6. bxc3 Ne7 7. Nf3 Nbc6 8. a4
Qa5 9. Qd2 f6 10. exf6 gxf6 11. Ba3 c4 12. Be2 Bd7 13. O-O O-O-O 14. Bd6 Nf5
15. Bf4 Rde8 16. Rfb1 e5 17. Rb5 Qc7 18. dxe5 fxe5 19. Bg3 Nxg3 20. hxg3 e4 21.
Nh2 e3 22. fxe3 Ne7 23. Bg4 Bxg4 24. Nxg4 a6 25. Rb2 Qxg3 26. Nf6 Ref8 27. Nh5
Qe5 28. Nf4 Nf5 29. Qxd5 Qxe3+ 30. Kh1 Qe4 31. Qxe4 Ng3+ 32. Kh2 Nxe4 33. Nd5
Kb8 34. Nb6 Rf4 35. Nd7+ Ka8 36. Rb4 Rh4+ 37. Kg1 Nxc3 38. Nb6+ Ka7 39. Re1 Rd8
40. Re7 Rd1+ 41. Kf2 Ne4+ 42. Ke2 Rhh1 43. Rc7 Rb1 44. Rxb1 Nc3+ 45. Kf3 Rxb1
46. Nxc4 Nxa4 47. Rxh7 Rc1 48. Nd6 Nc5 49. c4 Rd1 50. Rh6 Nd7 51. Ke4 Re1+ 52.
Kf5 Re5+ 53. Kf4 Rc5 54. Rh7 Ne5 55. Nxb7 Ng6+ 56. Ke3 Rg5 57. Kf2 Kb6 58. Nd6
Rg4 59. Rh6 Kc5 60. Kf3 Ne5+ 61. Kf2 a5 62. Re6 Nxc4 63. Nxc4 Kxc4 64. Kf3 Rg5
65. g4 a4 66. Ra6 Kb3 67. Kf4 1/2-1/2

[Event "FIRST SATURDAY IM  JUNE 2013"]
[Site "Budapest"]
[Date "2013.06.04"]
[Round "4.5"]
[White "Lyell, Mark"]
[Black "Sean, Winshand Cuhendi"]
[Result "1/2-1/2"]
[WhiteElo "2238"]
[BlackElo "2186"]
[PlyCount "120"]
[EventDate "2013.06.01"]

1. e4 c5 2. Nf3 e6 3. c3 Nf6 4. e5 Nd5 5. d4 cxd4 6. cxd4 d6 7. Bc4 Nb6 8. Bd3
Be7 9. O-O Nc6 10. Nc3 d5 11. a3 Bd7 12. b3 a6 13. Bb2 O-O 14. Bc2 f5 15. exf6
Bxf6 16. Qd3 g6 17. Rae1 Rc8 18. Re3 Bg7 19. Nd1 e5 20. dxe5 d4 21. Nxd4 Nxd4
22. Bxd4 Bb5 23. Qe4 Bxf1 24. Bxb6 Qxb6 25. Kxf1 Kh8 26. Re2 Rce8 27. e6 Qd6
28. g3 Qxa3 29. Qxb7 Qd6 30. Qd7 Rd8 31. Qxd6 Rxd6 32. b4 Re8 33. Bb3 Rb6 34.
Re4 a5 35. b5 Bf6 36. Bd5 Rd8 37. Ne3 Rxb5 38. Bc6 Rb1+ 39. Kg2 Rd6 40. Bd7 Rb4
41. Nc4 Rd1 42. Rf4 Kg7 43. Nxa5 Rxf4 44. gxf4 Be7 45. Nc6 Bd6 46. f5 g5 47.
Na5 Rd5 48. Nc4 Be7 49. Ne3 Rc5 50. Kf3 Kf6 51. Ke4 Re5+ 52. Kf3 h5 53. Be8 g4+
54. Kf4 Bd6 55. Bxh5 Rxf5+ 56. Kxg4 Rf4+ 57. Kh3 Kg5 58. Bf7 Rxf2 59. e7 Bxe7
60. Ng4 Rd2 {illegible writing....draw in 82 moves} 1/2-1/2

[Event "FIRST SATURDAY IM  JUNE 2013"]
[Site "Budapest"]
[Date "2013.06.05"]
[Round "5.1"]
[White "Sean, Winshand Cuhendi"]
[Black "Szeberenyi, Adam"]
[Result "1/2-1/2"]
[WhiteElo "2186"]
[BlackElo "2309"]
[PlyCount "131"]
[EventDate "2013.06.01"]

1. d4 Nf6 2. Bf4 d5 3. e3 c5 4. c3 Nc6 5. Nd2 Qb6 6. Qb3 Qxb3 7. axb3 Nh5 8.
Bg5 h6 9. Bh4 g5 10. Be2 Ng7 11. Bg3 cxd4 12. exd4 Nf5 13. b4 Nxg3 14. hxg3 e6
15. Ngf3 Bg7 16. Nb3 Bd7 17. b5 Ne7 18. Nc5 b6 19. Nxd7 Kxd7 20. Kd2 f6 21. Ra6
Nc8 22. Rha1 Bf8 23. Ne1 h5 24. Nf3 Bd6 25. b3 g4 26. Nh4 Rg8 27. Bd3 f5 28. c4
dxc4 29. bxc4 Bb4+ 30. Kc2 Ba5 31. c5 Ne7 32. R1xa5 bxa5 33. Rd6+ Kc7 34. Rxe6
Rge8 35. Bc4 Rad8 36. d5 Nxd5 37. Bxd5 Rxe6 38. Bxe6 Re8 39. Bxf5 Re5 40. Bd3
Rxc5+ 41. Kb3 Rd5 42. Kc4 Rd8 43. Ng6 a4 44. Nf4 a3 45. Kb3 Rh8 46. Kxa3 h4 47.
gxh4 Rxh4 48. Kb4 g3 49. fxg3 Rg4 50. Kc5 Rxg3 51. Nd5+ Kd8 52. Be4 Rg4 53. Bf3
Rg6 54. Nb4 Kc7 55. Bd5 Rg3 56. Na6+ Kd7 57. Bc6+ Ke6 58. Nc7+ Ke5 59. Bf3 Rg6
60. Bd5 Rg7 61. Na6 Rg3 62. Bf3 Ke6 63. Bd5+ Kf5 64. Kb4 Rg7 65. Ka5 Kf6 66.
Bc6 {illegible writing....draw in 82 moves} 1/2-1/2

[Event "FIRST SATURDAY IM  JUNE 2013"]
[Site "Budapest"]
[Date "2013.06.05"]
[Round "5.2"]
[White "Torma, Robert"]
[Black "Lyell, Mark"]
[Result "1-0"]
[WhiteElo "2392"]
[BlackElo "2238"]
[PlyCount "77"]
[EventDate "2013.06.01"]

1. e4 e5 2. Nf3 Nc6 3. d4 exd4 4. Nxd4 Nf6 5. Nxc6 bxc6 6. e5 Qe7 7. Qe2 Nd5 8.
c4 Ba6 9. Nd2 O-O-O 10. b3 f6 11. Bb2 fxe5 12. O-O-O Re8 13. g3 g6 14. f4 Bg7
15. fxe5 Rhf8 16. Bh3 Qg5 17. Rhe1 Ne7 18. Bxd7+ Kxd7 19. e6+ Kc8 20. Bxg7 Rg8
21. Qe5 Nf5 22. Bf6 Qh6 23. g4 Nd6 24. g5 Qh3 25. Ne4 Nxe4 26. Rxe4 Kb8 27. Re3
Qg4 28. h3 Qg2 29. Qb2 Qxb2+ 30. Kxb2 Bc8 31. e7 Kb7 32. Red3 c5 33. Rd8 Be6
34. Kc3 Bf7 35. Kd3 Be6 36. Ke4 a5 37. a4 Kc6 38. Ke5 Bf7 39. Rf1 1-0

[Event "FIRST SATURDAY IM  JUNE 2013"]
[Site "Budapest"]
[Date "2013.06.05"]
[Round "5.3"]
[White "Kantor, Gergely"]
[Black "Farago, Sandor"]
[Result "1-0"]
[WhiteElo "2352"]
[BlackElo "2277"]
[PlyCount "73"]
[EventDate "2013.06.01"]

1. d4 d5 2. c4 c6 3. Nf3 Nf6 4. Nc3 a6 5. e3 b5 6. c5 Bf5 7. Ne5 Qc8 8. Be2 h5
9. O-O Nbd7 10. Nd3 a5 11. f3 b4 12. e4 Bh7 13. Na4 dxe4 14. fxe4 Bxe4 15. Ne5
e6 16. Nxd7 Nxd7 17. Bxh5 g6 18. Bf3 Bxf3 19. Qxf3 Rh7 20. Bg5 Be7 21. Bxe7
Kxe7 22. Rae1 Qc7 23. h3 Rah8 24. b3 Kd8 25. Nb2 Kc8 26. Nc4 Kb8 27. a3 bxa3
28. Ra1 Rh5 29. Nd6 e5 30. b4 g5 31. Qxa3 g4 32. Rxf7 gxh3 33. Rxd7 hxg2 34.
Rxc7 Rh1+ 35. Kf2 Kxc7 36. Qxa5+ Kd7 37. Qa7+ 1-0

[Event "FIRST SATURDAY IM  JUNE 2013"]
[Site "Budapest"]
[Date "2013.06.05"]
[Round "5.4"]
[White "Korpa, Bence"]
[Black "Sisatto, Olli"]
[Result "1/2-1/2"]
[WhiteElo "2357"]
[BlackElo "2274"]
[PlyCount "268"]
[EventDate "2013.06.01"]

1. e4 e6 2. d4 d5 3. Nc3 h6 4. a3 dxe4 5. Nxe4 Bd7 6. Nf3 Bc6 7. Bd3 Nd7 8. O-O
Ngf6 9. Ned2 Be7 10. Nc4 Be4 11. Bf4 Nb6 12. Bxe4 Nxe4 13. Qd3 Nxc4 14. Qxc4 c6
15. Rfe1 Nf6 16. Qb3 Qb6 17. Qd3 O-O 18. c4 Rfd8 19. Qe2 Qa5 20. Be5 Re8 21.
Rad1 Qa4 22. Rc1 Rad8 23. Nd2 c5 24. dxc5 Nd7 25. Nf3 Nxc5 26. Rcd1 Rd7 27.
Rxd7 Nxd7 28. Bc3 Nb6 29. Nd2 Bg5 30. Qg4 e5 31. b3 Qxa3 32. h4 Bxd2 33. Bxd2
Re6 34. Qf3 Qe7 35. Bc3 f6 36. Ra1 a6 37. Rd1 e4 38. Qe3 Nd7 39. Qa7 Nf8 40. h5
e3 41. fxe3 Rxe3 42. Bb4 Qe4 43. Qb8 Re2 44. Qg3 Ne6 45. Rd7 Ng5 46. Bc5 Qb1+
47. Kh2 Qf5 48. Rd8+ Kh7 49. Qd3 Re4 50. Rd5 Qg4 51. Kg1 f5 52. Bf2 Qxh5 53.
Rxf5 Qg6 54. Rd5 Ne6 55. Be3 Nf4 56. Bxf4 Rxf4 57. Qh3 Qb1+ 58. Kh2 Qg6 59. Kg1
Re4 60. Qd3 Re1+ 61. Kf2 Qxd3 62. Rxd3 Rb1 63. Kf3 Rb2 64. g3 Kg8 65. Ke4 Re2+
66. Kd5 h5 67. Kd6 Kf7 68. Rd5 Re3 69. b4 Re6+ 70. Kc7 Rc6+ 71. Kxb7 Rxc4 72.
Rxh5 Rxb4+ 73. Kxa6 Rb3 74. g4 Rb4 75. Rh1 Kf6 76. Ka5 Rxg4 77. Kb5 Rd4 78. Kc5
Rd3 79. Kc4 Rd7 80. Rf1+ Ke5 81. Re1+ Kf4 82. Rf1+ Ke4 83. Re1+ Kf3 84. Rg1 Ke3
85. Kc5 Kf2 86. Rg6 Kf3 87. Rg1 Ke4 88. Re1+ Kf5 89. Rf1+ Ke5 90. Re1+ Kf6 91.
Rf1+ Ke7 92. Re1+ Kf8 93. Rg1 Kg8 94. Kc4 Rd6 95. Kc5 Rd8 96. Kc4 Kf7 97. Rf1+
Ke6 98. Rg1 Kf6 99. Rf1+ Ke5 100. Rg1 Rd7 101. Re1+ Kf5 102. Rf1+ Kg4 103. Rg1+
Kh5 104. Rh1+ Kg6 105. Rg1+ Kf7 106. Rf1+ Ke8 107. Re1+ Re7 108. Rg1 Kf7 109.
Kd4 g6 110. Kd5 Re3 111. Kd4 Re6 112. Kd5 Re8 113. Kd4 Re6 114. Kd5 Re2 115.
Kd4 Kg7 116. Kd5 Re3 117. Kd4 Re2 118. Kd5 Rf2 119. Ke5 Kf7 120. Rg3 Rf5+ 121.
Ke4 Kf6 122. Rg2 Rf1 123. Rg3 Ra1 124. Rb3 Rf1 125. Rg3 Rf2 126. Ke3 Ra2 127.
Rg1 g5 128. Kf3 Kf5 129. Rb1 Ra3+ 130. Kg2 Kg4 131. Rb4+ Kh5 132. Rb2 Kh4 133.
Rb4+ g4 134. Rb2 Ra8 1/2-1/2